Como leer a kafka /

Guardado en:
Autor Principal: Lancelotti, Mario A.
Formato: Libro
Publicado: Buenos Aires : Emece, 1969
Materias:
Etiquetas: Agregar Etiqueta
Sin Etiquetas, Sea el primero en etiquetar este registro!
LEADER 00539nam a22001815a 4500
001 EHU.bham024336
003 AR-BHAM
005 20130507142718.0
008 130507s1969##################000#0#####d
082 A 8 |a 864.4 
100 1 |a Lancelotti, Mario A. 
245 1 0 |a Como leer a kafka /  |c Mario A. Lancelotti 
260 |a Buenos Aires :  |b Emece,  |c 1969 
300 |a 155 p. 
653 |a Donacion lejarraga 
653 |a Ensayo argentino-1911- 
653 |a Literatura argentina-1911- 
859 |a AR-BHAM  |b BIB. HUMANIDADES - General  |h A864.4  |i L222  |k A  |p 102.02  |t Ej.1